000 00852nam a2200241 4500
001 136498
003 ES-MaACL
005 20250903014140.0
007 t|
008 070214s1945 ag r ||||1| spa d
080 _a510.2
100 1 _aRussell, Bertrand,
_d1872-1970
_9101033
245 1 0 _aIntroducción a la filosofía matemática /
_cBertrand Russell ; anotada y revisada por el prof. Florencio D. Jaime ; traducción de Juan B. Molinari.
260 _aBuenos Aires :
_bLosada,
_c1945.
300 _a287 p. ;
_c21 cm.
490 1 _aTeoría e Historia de las ciencias
650 0 4 _aMatemáticas-
_xFilosofía
_914825
700 1 _aJaime, Florencio D.
_965930
700 1 _aMolinari, Juan B.
_981974
830 0 0 _aTeoría e historia de las ciencias
_9220007
852 _aES-MaACL
_jD-6050
_bR.30508
999 _c136498
_d136498